00504nam a2200181Ia 450000500170000000800410001702000230005804000190008104100120010008200160011210000160012824500720014426000400021630000220025650400190027865000140029785000110031120240415142335.0131103s9999 xx 000 0 und d a8170999278cRs.395 aLoreto College aEnglish a370.1 bVER aVerma, B.P. aCurrent Research in Learning Styleb Indian perspective cB.P.Verma aNew DelhibMittal publicationc2004 axv,180p.b tables aIncludes index aEducation aLCBED